Proceedings of the Annual BSAS Meeting

में बचाया:
ग्रंथसूची विवरण
स्वरूप: सीडी
भाषा:Vietnamese
प्रकाशित: [s.l.] : [s.n.], 1999-2003
टैग : टैग जोड़ें
कोई टैग नहीं, इस रिकॉर्ड को टैग करने वाले पहले व्यक्ति बनें!
Thư viện lưu trữ: Thư viện Trường Đại học Đà Lạt
LEADER 00563nam a2200253 4500
001 DLU060051800
005 ##20051123
040 # # |a DLU  |b vie 
041 # # |a vie 
044 # # |a vn 
082 # # |a 590  |b BSA 
245 # # |a Proceedings of the Annual BSAS Meeting 
256 # # |a 4 3/4 in. 
260 # # |a [s.l.] :  |b [s.n.],  |c 1999-2003 
300 # # |a 1 đĩa CD-ROM  |c 4 3/4 in. 
992 # # |a 0 
994 # # |a DLU 
900 # # |a True 
911 # # |a Nguyễn Xuân Phương 
925 # # |a CD 
926 # # |a A 
927 # # |a CD 
980 # # |a Thư viện Trường Đại học Đà Lạt